<?xml version="1.0" encoding="UTF-8"?><?xml-stylesheet type="text/xsl" href="static/style.xsl"?><OAI-PMH xmlns="http://www.openarchives.org/OAI/2.0/" xmlns:xsi="http://www.w3.org/2001/XMLSchema-instance" xsi:schemaLocation="http://www.openarchives.org/OAI/2.0/ http://www.openarchives.org/OAI/2.0/OAI-PMH.xsd"><responseDate>2026-04-30T06:56:23Z</responseDate><request verb="GetRecord" identifier="oai:repisalud.isciii.es:20.500.12105/4937" metadataPrefix="marc">https://repisalud.isciii.es/rest/oai/request</request><GetRecord><record><header><identifier>oai:repisalud.isciii.es:20.500.12105/4937</identifier><datestamp>2024-11-29T13:03:49Z</datestamp><setSpec>com_20.500.12105_2203</setSpec><setSpec>com_20.500.12105_2202</setSpec><setSpec>col_20.500.12105_19505</setSpec></header><metadata><record xmlns="http://www.loc.gov/MARC21/slim" xmlns:dcterms="http://purl.org/dc/terms/" xmlns:doc="http://www.lyncode.com/xoai" xmlns:xsi="http://www.w3.org/2001/XMLSchema-instance" xsi:schemaLocation="http://www.loc.gov/MARC21/slim http://www.loc.gov/standards/marcxml/schema/MARC21slim.xsd">
   <leader>00925njm 22002777a 4500</leader>
   <datafield ind2=" " ind1=" " tag="042">
      <subfield code="a">dc</subfield>
   </datafield>
   <datafield ind2=" " ind1=" " tag="720">
      <subfield code="a">Instituto de Salud Carlos III. Centro Nacional de Epidemiología</subfield>
      <subfield code="e">author</subfield>
   </datafield>
   <datafield ind2=" " ind1=" " tag="260">
      <subfield code="c">2000-05</subfield>
   </datafield>
   <datafield ind2=" " ind1=" " tag="520">
      <subfield code="a">De acuerdo con las recomendaciones establecidas por la OMS en el plan estratégico para la eliminación del sarampión en la Región Europea y en función del análisis de la situación epidemiológica del sarampión en España, se proponen:
Objetivos generales:
Eliminar la morbilidad y mortalidad del sarampión en España.
Eliminar el sarampión en España para el año 2005.
Objetivos específicos:
Reducir la proporción de individuos susceptibles en cada grupo de edad a nivel recomendados por la OMS/EUROPA, en el año 2000.
Mantener los niveles bajos de susceptibilidad hasta la eliminación mundial del sarampión. 
Para alcanzar estos objetivos se establece un plan de acción nacional cuya característica fundamental es recoger y analizar las peculiaridades de la epidemiología local de presentación de la enfermedad para adaptar, de forma continuada, las estrategias y actividades encaminadas a eliminar la enfermedad. Básicamente, las estrategias deberán ir dirigidas a intensificar el sistema de vigilancia epidemiológica actual, reforzar el papel del laboratorio en la vigilancia del sarampión y definir las estrategias de vacunación que aceleren el control de la infección y, posteriormente, mantengan su eliminación.</subfield>
   </datafield>
   <datafield ind1="8" ind2=" " tag="024">
      <subfield code="a">Plan de eliminación del Sarampión en España. Madrid: Instituto de Salud Carlos III; 2000</subfield>
   </datafield>
   <datafield ind1="8" ind2=" " tag="024">
      <subfield code="a">http://hdl.handle.net/20.500.12105/4937</subfield>
   </datafield>
   <datafield tag="653" ind2=" " ind1=" ">
      <subfield code="a">Gripe</subfield>
   </datafield>
   <datafield tag="653" ind2=" " ind1=" ">
      <subfield code="a">Vigilancia Epidemiológica</subfield>
   </datafield>
   <datafield ind2="0" ind1="0" tag="245">
      <subfield code="a">Plan de eliminación del sarampión en España</subfield>
   </datafield>
</record></metadata></record></GetRecord></OAI-PMH>